Čas smerovania k socializmu Komunistické strany v boji za mier a spoločenský pokrok

Bibliographic Details
Main Author: Hlivka, Ivan, 1933- (Author)
Format: Article
Language:Slovak
Subjects:

MARC

LEADER 00000nab a2200000 a 4500
001 vtls000200795
003 SK-MaSNL
005 20260302201402.0
008 111130c1984 xo 0 slo
015 |a SNBRB19rr/mm-uuuuu 
035 |a CL0210908 
040 |a SNKBUCL  |b slo  |c SNKBUCL  |e AACR2 
041 0 |a slo 
044 |a xo  |c SK 
080 |a 327.37:329.15  |2 1981 
080 |a 329.15  |2 1981 
100 1 |a Hlivka, Ivan,  |d 1933-  |4 aut  |9 111307 
245 1 0 |a Čas smerovania k socializmu  |b Komunistické strany v boji za mier a spoločenský pokrok  |c Ivan Hlivka 
650 0 7 |a boj za mier  |2 snkbucl  |9 308624 
650 0 7 |a komunistické strany  |2 snkbucl  |9 3597 
655 7 |a články z novín a časopisov  |2 snkbucl  |9 267496 
773 0 |t Pravda  |g Roč. 65, č. 285 (1. 12. 1984), s. 4 
850 |a Slovenská národná knižnica v Martine  |a MTA001 
852 |a SNK  |b KIS3GCP 
958 |a RK 
992 |a RBX 
999 |c 1460713  |d 1462643